Najpopularniejsi raperzy w tym tygodniu . 28.05-03.06 - Statystyki

Ogólne statystyki
  • Ten quiz został rozwiązany 22 razy
  • Średni wynik to 8 z 15
Statystyki odpowiedzi
Miejsce w poprzednim tygodniu Wyświetlenia Raper % Poprawnych
#10 3.28M Bedoes
86%
#9 3.52M Mata
86%
#1 11.80M Sobel
77%
#5 4.55M White 2115
77%
#2 8.47M Young Igi
68%
#3 7.51M Oki
64%
#8 5.17M Kizo
55%
#4 7.38M Otsochodzi
55%
#13 3.24M Żabson
55%
#14 2.79M Guzior
45%
#6 3.90M Szpaku
32%
#15 3.02M Tymek
32%
#18 3.34M Paluch
27%
#19 3.35M Kubańczyk
23%
#11 3.60M Avi
14%
Nie znaleziono quizów pasujących do podanych kryteriów
Rozkład punktacji
Procent ludzi z każdym wynikiem
Percentyl według liczby udzielonych odpowiedzi
Twoja historia wyników
Nie rozwiązałeś tego quizu